Six-Letter Country Code Cracking - Statistics

General Stats
  • This quiz has been taken 186 times
  • The average score is 18 of 48
Answer Stats
Answer % Correct
Country S
95%
Country P
91%
Country A
89%
Country B
85%
Country C
83%
Country G
83%
Country P
81%
Country C
80%
Country G
80%
Country R
79%
Country G
78%
Country N
78%
Country R
78%
Country T
76%
Country U
72%
Pa
70%
Country S
70%
Country T
70%
Country I
69%
Country B
67%
Country G
67%
Country M
67%
Country L
64%
Country M
64%
Country K
63%
Country K
63%
Country B
61%
Pan
61%
Pana
61%
Panam
61%
Country T
61%
x - Panama
61%
Country J
59%
Ca
57%
Po
57%
Country B
55%
Country M
55%
Ga
54%
An
53%
Can
53%
Cana
53%
Canad
53%
x - Canada
53%
Gu
48%
Pol
48%
Pola
48%
Polan
48%
x - Poland
48%
Country F
47%
Be
46%
Country Z
46%
Ta
44%
No
43%
Ang
42%
Fr
42%
Fra
42%
Fran
42%
Ug
41%
Nor
39%
Bel
38%
Beli
38%
Beliz
38%
Gam
38%
Gamb
38%
Gambi
38%
Uga
38%
Ugan
38%
Ugand
38%
x - Belize
38%
x - Gambia
38%
x - Uganda
38%
Ango
37%
Angol
37%
Franc
37%
Ko
37%
x - Angola
37%
x - France
37%
Gui
36%
Guin
36%
Guine
36%
x - Guinea
36%
Br
35%
Bra
35%
Braz
35%
Brazi
35%
Norw
35%
Norwa
35%
x - Brazil
35%
x - Norway
35%
Br
33%
Cy
33%
Cyp
33%
Cypr
33%
Cypru
33%
Ku
33%
Kuw
33%
Ma
33%
Tu
33%
x - Cyprus
33%
Za
33%
Zam
33%
Kos
32%
Koso
32%
Kosov
32%
x - Kosovo
32%
Ru
30%
Rus
30%
Russ
30%
Russi
30%
Se
30%
Tu
30%
x - Russia
30%
Kuwa
29%
Kuwai
29%
Me
29%
Mex
29%
Mexi
29%
Tur
29%
Turk
29%
Turke
29%
x - Kuwait
29%
x - Turkey
29%
x - Zambia
29%
Zamb
29%
Zambi
29%
Bru
28%
Brun
28%
Brune
28%
Gu
28%
Guy
28%
Guya
28%
Guyan
28%
x - Brunei
28%
La
27%
Mo
27%
Mal
26%
Mexic
25%
Rw
25%
Rwa
25%
Rwan
25%
Sw
25%
Swe
25%
Swed
25%
Swede
25%
x - Mexico
25%
x - Sweden
25%
Is
23%
Isr
23%
Isra
23%
Israe
23%
Jo
23%
Lat
23%
Latv
23%
Latvi
23%
Mon
23%
Mona
23%
Monac
23%
x - Israel
23%
x - Latvia
23%
x - Monaco
23%
Mala
22%
Tai
22%
Taiw
22%
Taiwa
22%
x - Taiwan
22%
Rwand
21%
x - Rwanda
21%
Ser
20%
Serb
20%
Serbi
20%
x - Serbia
20%
Bh
19%
Bhu
19%
Bhut
19%
Bhuta
19%
Gr
19%
Gre
19%
Gree
19%
Malaw
19%
x - Bhutan
19%
x - Malawi
19%
Jor
18%
Jord
18%
Jorda
18%
x - Jordan
18%
Tuv
17%
Greec
14%
x - Greece
14%
Tuva
13%
Tuval
13%
x - Tuvalu
13%
x - Guyana
11%
No matching quizzes found
Score Distribution
Percent of People with Each Score
Percentile by Number Answered
Your Score History
You have not taken this quiz